[Event "Wch U16 Girls"]
[Site "Montesilvano"]
[Date "2023.11.13"]
[Round "1"]
[White "Khuslen, Erdenebayar"]
[Black "Conde Mares, Vanya Briseyda"]
[Result "1-0"]
[WhiteElo "1906"]
[BlackElo "1566"]
[PlyCount "75"]
[EventDate "2023.11.13"]
[EventType "swiss"]
[EventRounds "11"]
[EventCountry "ITA"]
[SourceTitle "CB48_2023"]
[SourceDate "2023.11.29"]
[SourceVersion "1"]
[SourceVersionDate "2023.11.29"]
[SourceQuality "1"]

1. d4 d5 2. c4 e6 3. Nc3 a6 4. cxd5 exd5 5. Nf3 Nf6 6. Bg5 Be7 7. e3 h6 8. Bh4 Nc6 9. Bd3 0-0 10. h3 Nb4 11. Bb1 Ne4 12. Bxe7 Qxe7 13. 0-0 Rd8 14. a3 Nxc3 15. bxc3 Nc6 16. Qc2 g6 17. c4 Bf5 18. Qc3 Be4 19. Nd2 Bxb1 20. Raxb1 Rab8 21. Rb2 Na7 22. c5 Nb5 23. Qd3 c6 24. Rfb1 Qc7 25. a4 Na7 26. Qc3 Nc8 27. Nb3 b5 28. cxb6 Nxb6 29. Nc5 Qa7 30. Rb3 a5 31. Qb2 Nd7 32. Nxd7 Rxb3 33. Nf6+ Kg7 34. Nh5+ gxh5 35. Qxb3 Qd7 36. Qb6 Rg8 37. Rc1 Kh8 38. Rxc6 1-0

[Event "Ulaanbaatar MICA op"]
[Site "Ulaanbaatar"]
[Date "2023.11.01"]
[Round "6"]
[White "Khuslen, Erdenebayar"]
[Black "Zol Uchral, Erdenesaikhan"]
[Result "1-0"]
[WhiteElo "1918"]
[BlackElo "1853"]
[PlyCount "82"]
[EventDate "2023.10.27"]
[EventType "swiss"]
[EventRounds "9"]
[EventCountry "MGL"]
[SourceTitle "CB48_2023"]
[SourceDate "2023.11.29"]
[SourceVersion "1"]
[SourceVersionDate "2023.11.29"]
[SourceQuality "1"]

1. d4 d5 2. c4 e6 3. Nc3 a6 4. cxd5 exd5 5. Qb3 c5 6. Qxd5 cxd4 7. Qxd8+ Kxd8 8. Nd5 Be6 9. Nf4 Bf5 10. Nf3 Nc6 11. g3 Bc5 12. Bd2 Nf6 13. Rc1 Bb6 14. Bg2 Rc8 15. 0-0 h6 16. h4 Ne4 17. Rfd1 Nxd2 18. Nxd2 Ba7 19. Nc4 Be6 20. Nd6 Rc7 21. Nxb7+ Rxb7 22. Rxc6 Rxb2 23. Rxa6 Bb8 24. Rxd4+ Ke7 25. Rxe6+ fxe6 26. Ng6+ Kf6 27. Nxh8 Rxa2 28. Rd8 Ba7 29. Rf8+ Ke7 30. Ng6+ Kd6 31. Bf3 e5 32. Rd8+ Kc7 33. Rg8 e4 34. Bxe4 Rxe2 35. Rxg7+ Kb6 36. Rb7+ Ka6 37. Bd3+ Kxb7 38. Bxe2 Kc6 39. Ne7+ Kd7 40. Nf5 Ke8 41. Nxh6 Kf8 1-0

[Event "Ulaanbaatar MICA op"]
[Site "Ulaanbaatar"]
[Date "2023.10.29"]
[Round "3"]
[White "Khuslen, Erdenebayar"]
[Black "Batsaikhan, Begz"]
[Result "1-0"]
[WhiteElo "1918"]
[BlackElo "2007"]
[PlyCount "61"]
[EventDate "2023.10.27"]
[EventType "swiss"]
[EventRounds "9"]
[EventCountry "MGL"]
[SourceTitle "CB48_2023"]
[SourceDate "2023.11.29"]
[SourceVersion "1"]
[SourceVersionDate "2023.11.29"]
[SourceQuality "1"]

1. d4 d5 2. c4 e6 3. Nc3 Nf6 4. cxd5 Nxd5 5. Nf3 Be7 6. e3 0-0 7. Bd3 b6 8. 0-0 Ba6 9. Bxa6 Nxa6 10. Qe2 Qc8 11. Nxd5 exd5 12. Rd1 Qb7 13. b3 Rac8 14. Bb2 Nb8 15. Rac1 c6 16. h4 Rfe8 17. h5 h6 18. Ne5 Bd6 19. Qf3 Re6 20. Rc2 Rf6 21. Qh3 Re6 22. Rdc1 c5 23. Nd3 Nd7 24. dxc5 bxc5 25. Qg4 Bf8 26. Nxc5 Rxc5 27. Rxc5 Re4 28. Rc7 Qxc7 29. Rxc7 Rxg4 30. Rxd7 Rg5 31. Rd8 1-0

[Event "Ulaanbaatar MICA op"]
[Site "Ulaanbaatar"]
[Date "2023.10.28"]
[Round "2"]
[White "Li, Bo"]
[Black "Khuslen, Erdenebayar"]
[Result "1-0"]
[WhiteElo "2217"]
[BlackElo "1918"]
[PlyCount "120"]
[EventDate "2023.10.27"]
[EventType "swiss"]
[EventRounds "9"]
[EventCountry "MGL"]
[SourceTitle "CB48_2023"]
[SourceDate "2023.11.29"]
[SourceVersion "1"]
[SourceVersionDate "2023.11.29"]
[SourceQuality "1"]

1. d4 Nf6 2. c4 c5 3. d5 b5 4. cxb5 a6 5. b6 d6 6. Nc3 Nbd7 7. e4 Rb8 8. Nf3 g6 9. Be2 Bg7 10. 0-0 0-0 11. Qc2 Qxb6 12. Nd2 Ne8 13. Nc4 Qa7 14. Na5 Ne5 15. f4 Qb6 16. Qa4 Bd7 17. Qa3 Ng4 18. Nc4 Bd4+ 19. Kh1 Qa7 20. Bxg4 Bxg4 21. Be3 Nf6 22. e5 Bxc3 23. Qxc3 Nxd5 24. Qd2 Nb6 25. Na5 Qd7 26. Rf2 Bf5 27. h3 Qb5 28. b3 Rbd8 29. a4 Qd7 30. exd6 exd6 31. Re2 Rfe8 32. Rae1 Be4 33. Kh2 f5 34. Bf2 Rc8 35. Rc1 Qe7 36. b4 Nd5 37. bxc5 dxc5 38. Nc4 Red8 39. Ne5 Nf6 40. Qa5 Rd5 41. Qxa6 Rc7 42. Bh4 Rd6 43. Qa5 Re6 44. Rd2 Rc8 45. Rcd1 Rxe5 46. fxe5 Qxe5+ 47. Kg1 Nd5 48. Qa6 Rb8 49. Qc4 Rb2 50. Rxb2 Qxb2 51. Bf2 Qb4 52. Qxc5 Qxa4 53. Rxd5 Bxd5 54. Qxd5+ Kg7 55. Qd4+ Qxd4 56. Bxd4+ Kf7 57. Kf2 g5 58. Ke3 h5 59. h4 gxh4 60. Kf4 Ke6 1-0

[Event "MGL-ch (Women)"]
[Site "Ulaanbaatar"]
[Date "2023.05.28"]
[Round "9"]
[White "Bayarmaa, Bayarjargal"]
[Black "Khuslen, Erdenebayar"]
[Result "0-1"]
[WhiteElo "2167"]
[BlackElo "1835"]
[PlyCount "127"]
[EventDate "2023.05.20"]
[EventType "tourn"]
[EventRounds "11"]
[EventCountry "MGL"]
[SourceTitle "CBM 214 Extra"]
[Source "ChessBase"]
[SourceDate "2023.07.31"]
[SourceVersion "1"]
[SourceVersionDate "2023.07.31"]
[SourceQuality "1"]

1. d4 Nf6 2. c4 c5 3. d5 b5 4. cxb5 a6 5. bxa6 g6 6. Nc3 Bg7 7. d6 0-0 8. g3 exd6 9. Qxd6 Nxa6 10. Bg2 Rb8 11. Nh3 Rb4 12. e3 Rb6 13. Qd1 d5 14. 0-0 Bg4 15. f3 Bc8 16. Nf2 Rd6 17. Na4 Re8 18. Re1 h5 19. Bd2 Bf5 20. Rc1 Nd7 21. Bf1 Qa8 22. Bc3 Bh6 23. Bd2 Bf8 24. b3 Ne5 25. Bg2 Qa7 26. f4 Nd3 27. Nxd3 Bxd3 28. Bc3 Bf5 29. Be5 Rdd8 30. Qd2 Nb4 31. Bf1 Nc6 32. Ba1 d4 33. Qb2 Be4 34. Bb5 h4 35. a3 Qa5 36. Bf1 Rd7 37. Nxc5 Bxc5 38. b4 Nxb4 39. axb4 Bxb4 40. Red1 Bc3 41. Qb5 Qa7 42. Bxc3 dxc3 43. Rxc3 Rde7 44. Qb4 Bf3 45. Ra3 Qxa3 46. Qxa3 Bxd1 47. Qd6 Bh5 48. Bb5 Re6 49. Qc7 R8e7 50. Qc8+ Kh7 51. g4 Bxg4 52. Bd7 Bf5 53. Bxe6 Rxe6 54. Qf8 Rxe3 55. Qxf7+ Kh6 56. Qg8 Kh5 57. Qd8 Kg4 58. Qg5+ Kf3 59. Qxh4 Ke4 60. Kg2 Rd3 61. Qf2 Bh3+ 62. Kh1 Rd1+ 63. Qg1 Rxg1+ 64. Kxg1 0-1

[Event "MGL-ch (Women)"]
[Site "Ulaanbaatar"]
[Date "2023.05.27"]
[Round "8"]
[White "Khuslen, Erdenebayar"]
[Black "Enkhsaran, Batsaikhan"]
[Result "1-0"]
[WhiteElo "1835"]
[BlackElo "1756"]
[PlyCount "75"]
[EventDate "2023.05.20"]
[EventType "tourn"]
[EventRounds "11"]
[EventCountry "MGL"]
[SourceTitle "CBM 214 Extra"]
[Source "ChessBase"]
[SourceDate "2023.07.31"]
[SourceVersion "1"]
[SourceVersionDate "2023.07.31"]
[SourceQuality "1"]

1. d4 d5 2. c4 c6 3. Nc3 Nf6 4. Nf3 e6 5. Bg5 h6 6. Bh4 dxc4 7. e4 g5 8. Bg3 b5 9. Be2 Bb7 10. h4 g4 11. Ne5 Nbd7 12. Nxd7 Qxd7 13. Be5 Be7 14. Bxg4 Rg8 15. Bf3 0-0-0 16. 0-0 c5 17. a4 b4 18. Nb5 Bxe4 19. Bxf6 Qd5 20. Bxe4 Qxe4 21. g3 Bxf6 22. Qh5 Bxd4 23. Nxd4 Qxd4 24. Kh2 f5 25. Qxh6 Rde8 26. Rad1 Qxb2 27. Qe3 Rg7 28. Qxc5+ Rc7 29. Qb5 Qh8 30. Qxb4 f4 31. Rb1 Qd4 32. Qb5 fxg3+ 33. fxg3 Qd2+ 34. Kh3 Rd8 35. Qa6+ Kd7 36. Rf7+ Ke8 37. Qxe6+ Re7 38. Qxe7# 1-0

[Event "World ol U16"]
[Site "Nakhchivan"]
[Date "2022.10.08"]
[Round "7.6"]
[White "Khuslen, Erdenebayar"]
[Black "Bargan, Victoria"]
[Result "0-1"]
[WhiteElo "1439"]
[BlackElo "1720"]
[PlyCount "76"]
[EventDate "2022.10.02"]
[EventType "team-swiss"]
[EventRounds "9"]
[EventCountry "AZE"]
[SourceTitle "CBM 210 Extra"]
[Source "ChessBase"]
[SourceDate "2022.11.30"]
[SourceVersion "1"]
[SourceVersionDate "2022.11.30"]
[SourceQuality "1"]
[WhiteTeam "Mongolia"]
[BlackTeam "Moldova"]
[WhiteTeamCountry "MGL"]
[BlackTeamCountry "MDA"]

1. d4 d5 2. c4 c6 3. Nc3 Nf6 4. Nf3 dxc4 5. e4 b5 6. Be2 Bb7 7. e5 Nd5 8. e6 f6 9. Nh4 Qc8 10. Ne4 Na6 11. 0-0 g6 12. Re1 Bg7 13. f4 Qc7 14. f5 0-0-0 15. a4 Nf4 16. Bf1 Nd3 17. Bxd3 Rxd4 18. Qg4 Rxd3 19. Be3 Rxe3 20. Rxe3 Qb6 21. Qf4 g5 22. Qf2 gxh4 23. Rh3 Bh6 24. Rd1 Rd8 25. Rxd8+ Kxd8 26. Kf1 Qxf2+ 27. Kxf2 c5 28. Nc3 b4 29. Nd1 Bg5 30. g4 hxg3+ 31. hxg3 h6 32. g4 Be4 33. Ke2 Nc7 34. Nf2 Nd5 35. Rg3 Nf4+ 36. Kd1 Bc6 37. Nh3 Bxa4+ 38. Ke1 Bh4 0-1

[Event "World ol U16"]
[Site "Nakhchivan"]
[Date "2022.10.07"]
[Round "6.4"]
[White "Rohit, S3333"]
[Black "Khuslen, Erdenebayar"]
[Result "0-1"]
[WhiteElo "2065"]
[BlackElo "1439"]
[PlyCount "122"]
[EventDate "2022.10.02"]
[EventType "team-swiss"]
[EventRounds "9"]
[EventCountry "AZE"]
[SourceTitle "CBM 210 Extra"]
[Source "ChessBase"]
[SourceDate "2022.11.30"]
[SourceVersion "1"]
[SourceVersionDate "2022.11.30"]
[SourceQuality "1"]
[WhiteTeam "India"]
[BlackTeam "Mongolia"]
[WhiteTeamCountry "IND"]
[BlackTeamCountry "MGL"]

1. e4 c5 2. Nf3 e6 3. d4 cxd4 4. Nxd4 Nc6 5. Nc3 a6 6. Be3 Nf6 7. f4 Bb4 8. Bd3 Qb6 9. 0-0 Nxd4 10. Na4 Qc6 11. c3 Nxe4 12. Bxd4 Ba5 13. b4 Bc7 14. Nc5 Nxc5 15. bxc5 Bd8 16. Bc2 Bf6 17. Bxf6 gxf6 18. Qd4 Ke7 19. Rfd1 Rb8 20. Rab1 b5 21. cxb6 Bb7 22. Be4 d5 23. Bd3 Rbc8 24. Rb3 Qc5 25. Kf1 h6 26. Re1 Rc6 27. Re3 Kd6 28. Rg3 e5 29. fxe5+ fxe5 30. Qh4 Kd7 31. Qg4+ Kd8 32. Rf3 Qe7 33. Qf5 e4 34. Rf2 exd3 35. Rb1 d2 36. Qf4 Re8 37. Qxd2 Rf6 38. Rd1 Rxf2+ 39. Qxf2 Qe4 40. c4 Qe3 41. cxd5 Qxf2+ 42. Kxf2 Re5 43. Rc1 Rxd5 44. a4 Ke7 45. a5 Rd7 46. g4 Kd6 47. Kg3 Ke5 48. Kh4 Rd3 49. g5 hxg5+ 50. Kxg5 f6+ 51. Kg4 Bf3+ 52. Kh4 Kf4 53. b7 Rb3 54. h3 Rxb7 55. Rc7 Rb5 56. Rc4+ Be4 57. Rc6 Rh5+ 58. Kxh5 Bxc6 59. Kg6 f5 60. h4 Bf3 61. Kf6 Bh5 0-1

[Event "Ulaanbaatar Mica op"]
[Site "Ulaanbaatar"]
[Date "2022.06.20"]
[Round "7"]
[White "Zol Uchral, Erdenesaikhan"]
[Black "Khuslen, Erdenebayar"]
[Result "1-0"]
[WhiteElo "1134"]
[BlackElo "1416"]
[PlyCount "87"]
[EventDate "2022.06.17"]
[EventType "swiss"]
[EventRounds "9"]
[EventCountry "MGL"]
[SourceTitle "EXT 2023"]
[Source "ChessBase"]
[SourceDate "2022.10.05"]
[SourceVersion "1"]
[SourceVersionDate "2022.10.05"]
[SourceQuality "1"]

1. d4 Nf6 2. c4 c5 3. d5 b5 4. cxb5 a6 5. bxa6 Bxa6 6. Nc3 g6 7. e4 Bxf1 8. Kxf1 d6 9. Nf3 Bg7 10. g3 0-0 11. Kg2 Nbd7 12. a4 Qa5 13. Bd2 Rfb8 14. Qc2 Qb4 15. Rhb1 Qb3 16. Qd3 Rb4 17. Ra3 Qc4 18. Qxc4 Rxc4 19. Re1 Rb4 20. b3 Rab8 21. e5 dxe5 22. Nxe5 Nxe5 23. Rxe5 Rd4 24. Be1 Kf8 25. a5 Rdb4 26. a6 Nd7 27. Re2 Rxb3 28. Rxb3 Rxb3 29. a7 Ra3 30. Nb5 Ra6 31. d6 e6 32. Re3 Nb6 33. Ra3 Na4 34. Rd3 Bf6 35. d7 Bd8 36. Bd2 Ke7 37. Rd6 Nb6 38. Be3 Ra5 39. Bxc5 Na8 40. Rb6+ Kxd7 41. Rb8 Kc6 42. Rxd8 Kxb5 43. Rxa8 Kxc5 44. Rc8+ 1-0

[Event "MGL-ch (Women) 51st"]
[Site "Murun"]
[Date "2019.09.27"]
[Round "8"]
[White "Ankhchimeg, Bayanmunkh"]
[Black "Khuslen, Erdenebayar"]
[Result "1-0"]
[WhiteElo "2127"]
[BlackElo "1259"]
[PlyCount "87"]
[EventDate "2019.09.21"]
[EventType "tourn"]
[EventRounds "11"]
[EventCountry "MGL"]
[SourceTitle "EXT 2020"]
[Source "ChessBase"]
[SourceDate "2019.10.17"]
[SourceVersion "1"]
[SourceVersionDate "2019.10.17"]
[SourceQuality "1"]

1. e4 c5 2. c3 d5 3. exd5 Qxd5 4. d4 e6 5. Nf3 Nc6 6. Bd3 cxd4 7. cxd4 Nf6 8. 0-0 Be7 9. Nc3 Qd8 10. a3 0-0 11. Bf4 a6 12. Rc1 Kh8 13. Bb1 Nd5 14. Qd3 f5 15. Nxd5 Qxd5 16. Bc2 Bf6 17. Rfd1 Rd8 18. Bc7 Re8 19. Bb3 Qd7 20. Bb6 Bd8 21. Bxd8 Rxd8 22. Qe3 h6 23. h3 Qe7 24. Ne5 Nxe5 25. Qxe5 Qd6 26. Rc7 Qxe5 27. dxe5 Rxd1+ 28. Bxd1 Kg8 29. Bb3 Kf8 30. a4 b5 31. a5 Rb8 32. f4 h5 33. g3 Ra8 34. Kf2 Rb8 35. Ke3 g6 36. Kd4 b4 37. Kc5 Rb5+ 38. Kd6 Rb8 39. Bxe6 Bxe6 40. Kxe6 Rb5 41. Kf6 Ke8 42. e6 Rb8 43. Rh7 Kd8 44. Rh8+ 1-0

[Event "MGL-ch (Women) 51st"]
[Site "Murun"]
[Date "2019.09.26"]
[Round "7"]
[White "Khuslen, Erdenebayar"]
[Black "Munguntuul, Batkhuyag"]
[Result "0-1"]
[WhiteElo "1259"]
[BlackElo "2421"]
[PlyCount "108"]
[EventDate "2019.09.21"]
[EventType "tourn"]
[EventRounds "11"]
[EventCountry "MGL"]
[SourceTitle "EXT 2020"]
[Source "ChessBase"]
[SourceDate "2019.10.17"]
[SourceVersion "1"]
[SourceVersionDate "2019.10.17"]
[SourceQuality "1"]

1. e4 c5 2. Nf3 e6 3. d4 cxd4 4. Nxd4 Nc6 5. Nb5 d6 6. Bf4 e5 7. Be3 a6 8. N5a3 b5 9. Nc3 b4 10. Nd5 bxa3 11. Bb6 Qh4 12. Nc7+ Kd7 13. Qf3 Nd4 14. Qxf7+ Qe7 15. Qc4 Bb7 16. Nxa8 Bxa8 17. Qc7+ Ke6 18. Qc8+ Qd7 19. Qxd7+ Kxd7 20. Bxd4 exd4 21. f3 d5 22. bxa3 dxe4 23. fxe4 Bxe4 24. Rd1 Bc5 25. Bxa6 Nf6 26. 0-0 Bxc2 27. Rd2 d3+ 28. Kh1 Ne4 29. Rf7+ Ke6 30. Bc4+ Ke5 31. Bxd3 Bxd3 32. Rxd3 Nf2+ 33. Rxf2 Bxf2 34. g3 Ra8 35. Rc3 Bd4 36. Rb3 Bc5 37. Rb7 Ra7 38. Rxa7 Bxa7 39. Kg2 Kd4 40. Kf3 Kc4 41. Ke4 Kb5 42. Kf5 Ka4 43. g4 h6 44. g5 hxg5 45. Kxg5 Be3+ 46. Kg6 Bh6 47. h4 Kxa3 48. h5 Kxa2 49. Kf5 Kb3 50. Kg4 Kc4 51. Kf3 Kd5 52. Kg4 Ke4 53. Kg3 Kf5 54. Kh4 Kf4 0-1

[Event "MGL-ch (Women) 51st"]
[Site "Murun"]
[Date "2019.09.24"]
[Round "5"]
[White "Khuslen, Erdenebayar"]
[Black "Enkhtuul, Altanulzii"]
[Result "0-1"]
[WhiteElo "1259"]
[BlackElo "2237"]
[PlyCount "136"]
[EventDate "2019.09.21"]
[EventType "tourn"]
[EventRounds "11"]
[EventCountry "MGL"]
[SourceTitle "EXT 2020"]
[Source "ChessBase"]
[SourceDate "2019.10.17"]
[SourceVersion "1"]
[SourceVersionDate "2019.10.17"]
[SourceQuality "1"]

1. e4 Nf6 2. e5 Nd5 3. d4 d6 4. c4 Nb6 5. f4 dxe5 6. fxe5 c5 7. d5 e6 8. Nc3 exd5 9. cxd5 c4 10. Nf3 Bb4 11. Bxc4 Bxc3+ 12. bxc3 Nxc4 13. Qa4+ Nd7 14. Qxc4 Nb6 15. Qb5+ Bd7 16. Qd3 Bg4 17. d6 Bxf3 18. Qxf3 Qh4+ 19. Qf2 Qc4 20. Qd4 0-0 21. Bf4 Rfe8 22. Kf2 Rac8 23. Rhd1 Nd7 24. Kg1 Qa6 25. Bg3 Rc4 26. Qd3 Qb6+ 27. Kh1 Qc6 28. Rac1 h5 29. Rf1 Re4 30. Qf3 Qc4 31. Qxh5 Nxe5 32. Bxe5 R8xe5 33. Qf3 Qe6 34. Rcd1 Qd7 35. Qh3 Re6 36. Qf5 Re1 37. Qf2 Rxf1+ 38. Rxf1 Rf6 39. Qg1 Rxf1 40. Qxf1 Qxd6 41. Qe1 Qd5 42. a3 a6 43. h3 Kf8 44. Qb1 Ke8 45. Qb4 g6 46. c4 Qe4 47. Qc5 Kd7 48. Qb4 f6 49. Qc3 Ke6 50. Qb4 Qc6 51. Qf8 Kf5 52. Qg8 Qe6 53. Qxe6+ Kxe6 54. g4 Ke5 55. Kh2 Kf4 56. Kg2 b6 57. a4 a5 58. Kf2 g5 59. Kg2 Ke3 60. Kg3 Kd4 61. h4 gxh4+ 62. Kxh4 Kxc4 63. Kh5 b5 64. axb5 Kxb5 65. Kg6 a4 66. Kxf6 a3 67. g5 a2 68. g6 a1Q+ 0-1